Dibuix geomètric
Descripción Física:
58 p., 1 f. pleg. ; 22'5 cm
Colección:
Text núm. 17
Otros Autores:
Catalunya. Extensió d'Ensenyament Tècnic
Materias:
Dibuix lineal
MARC
| LEADER | 00000nam a2200000Ia 4500 | ||
|---|---|---|---|
| 001 | 8483 | ||
| 008 | 160829s9999 xx 000 0 cat d | ||
| 080 | |a C-1-467 | ||
| 245 | |a Dibuix geomètric | ||
| 260 | |a Barcelona : |b Mancomunitat de Catalunya, Extensió d' Ensenyament Tècnic, [s.a.] | ||
| 300 | |a 58 p., 1 f. pleg. ; |c 22'5 cm | ||
| 490 | |a Text núm. 17 | ||
| 650 | 0 | |a Dibuix lineal |9 20008 | |
| 700 | |a Catalunya. Extensió d'Ensenyament Tècnic |9 20004 | ||
| 710 | 2 | |a Catalunya. |b Mancomunitat |9 53015 | |
| 901 | |a Arxiu | ||
| 942 | |n 1 | ||
| 952 | |0 0 |1 0 |4 0 |6 C1467 |7 1 |9 41402 |a Arxiu |b Arxiu |d 2016-12-01 |l 0 |o C-1-467 |p 8483 |r 2016-12-01 00:00:00 |w 2016-12-01 |y ARXIU | ||
| 999 | |c 43209 |d 43209 | ||